000 00462nam a2200133Ia 4500
008 231129s1978||||xx |||||||||||||| ||spa||
040 _bspa
082 _a(EN PROCESO DE DESCARTE) 986.101 S479c
100 _aSepulveda Pino Hernan
245 0 _aLas comunidades tribales indigenas precolombinas (La pre-Colombia ) : Ensayos marxistas sobre la sociedad Colombiana
260 _c1978
264 _aBogotá (Colombia) : Ediciones Los comuneros
942 _2ddc
_cBKS
999 _c18665
_d18665